000 00654nam a2200181Ia 4500
008 100920s9999 xx 000 0 und d
082 _b36362
_a410 थ 76
100 _aमोडक विश्वनाथ विनायक.
245 _aकथा रूप उत्तररामचरित.
260 _bअभिनव प्रकाशन, मुबंई 14.
_c1976
300 _a127
_bसाधी
365 _b5
520 _aभाषा.
630 _aकथा रूप उत्तररामचरित.
650 _aभाषा.
730 _aकथा रूप उत्तररामचरित.
942 _cBOOK
999 _c689534
_d689531